| 000 | 00596nam a2200193 4500 | ||
|---|---|---|---|
| 001 | 113955 | ||
| 003 | ES-MaACL | ||
| 005 | 20251004063143.0 | ||
| 007 | t| | ||
| 008 | 061121s1969 sp r ||||1| spa d | ||
| 100 | 1 |
_aPalma, Ricardo, _d1833-1919 _988616 |
|
| 245 | 1 | 0 |
_aTradiciones peruanas / _cpor Ricardo Palma ; ilustraciones de Fernando Marco. |
| 260 |
_aMadrid : _bEspasa-Calpe, _c1969. |
||
| 300 |
_a451 p., 8 lám. : _bretr. aut. ; _c24 cm. |
||
| 505 | 8 | _aEs el t. 3 | |
| 700 | 1 |
_aMarco, Fernando. _976462 |
|
| 852 |
_aES-MaACL _jC-41792 _bR.71682 |
||
| 999 |
_c113955 _d113955 |
||